000 00409nam a22001697a 4500
020 _a9780063266919
082 _a823
_bWON/A
100 _aWon-Pyung Sohn
245 _aAlmond /
_cby Won-Pyung Sohn
260 _aNewyork:
_bHarperCollins,
_c2020.
300 _a259p.
650 _aNovel English
650 _aLiterature English
650 _aLiterature
700 _aSandy Joosun Lee (tr.)
942 _cBK
999 _c181287
_d181287